Statistiken für Die Größten Länder mit Linksverkehr

Klicken Sie hier um das Quiz zu spielen!

Allgemein

  • Dieses Quiz wurde 182 mal gespielt
  • Das Durchschnittsergebnis liegt bei 5 aus 10

Antwortstatistiken

total km2Land% Korrekt
7,692,024Australien
96%
3,287,263Indien
82%
1,221,037Südafrika
74%
1,910,931Indonesien
59%
881,912Pakistan
54%
825,615Namibia
37%
945,087Tansania
36%
801,590Mosambik
29%
581,730Botswana
28%
752,612Sambia
24%

Verteilung der Resultate

Perzentil nach korrekt beantworteten Fragen

Anzahl Personen mit jedem Resultat

Ihre Resultats-Entwicklung

Sie haben dieses Quiz noch nicht gespielt